Click Brazil States On A Map - Statistics

General Stats
  • This quiz has been taken 85 times
  • The average score is 21 of 27
Answers on the Map
Answers color-coded by a green-red scale on the quiz's map according to % correct below.
 
Answer Stats
Answer % Correct
Amazonas
95%
Distrito Federal
93%
São Paulo
88%
Acre
85%
Mato Grosso do Sul
85%
Bahia
83%
Mato Grosso
83%
Pará
83%
Piauí
83%
Rio de Janeiro
83%
Rio Grande do Sul
83%
Rondônia
83%
Santa Catarina
78%
Amapá
75%
Goiás
75%
Maranhão
75%
Minas Gerais
75%
Tocantins
73%
Espírito Santo
70%
Pernambuco
70%
Roraima
70%
Ceará
68%
Sergipe
68%
Alagoas
65%
Paraná
65%
Rio Grande do Norte
65%
Paraíba
63%
No matching quizzes found
Score Distribution
Percent of People with Each Score
Percentile by Number Answered
Your Score History
You have not taken this quiz